000 00569cam a22001814a 4500
005 20250605164357.0
008 250528s ||||||||||||||||||||||||d
035 _a24377
040 _aGR-AtMCL
_bgre
_dGR-AtMCL
_eAACR2
245 1 _aAramco World
260 _bAramco Services Company,
_c2016
300 _a40
520 _aRites of Flight: Falconry in Japan, The Great Migration of the Bani Hilal, Street Food and Instanbul Style, The Sultan's Fountain, Nur Jahan.
700 1 _aAbul Hamayel Basil A.
_99456
942 _cCR
999 _c9265
_d9265